<?xml version="1.0" encoding="UTF-8"?><?xml-stylesheet type="text/xsl" href="static/style.xsl"?><OAI-PMH xmlns="http://www.openarchives.org/OAI/2.0/" xmlns:xsi="http://www.w3.org/2001/XMLSchema-instance" xsi:schemaLocation="http://www.openarchives.org/OAI/2.0/ http://www.openarchives.org/OAI/2.0/OAI-PMH.xsd"><responseDate>2026-04-14T06:16:09Z</responseDate><request verb="GetRecord" identifier="oai:www.recercat.cat:10230/48058" metadataPrefix="marc">https://recercat.cat/oai/request</request><GetRecord><record><header><identifier>oai:recercat.cat:10230/48058</identifier><datestamp>2025-12-25T20:00:03Z</datestamp><setSpec>com_2072_6</setSpec><setSpec>col_2072_452954</setSpec></header><metadata><record xmlns="http://www.loc.gov/MARC21/slim" xmlns:dcterms="http://purl.org/dc/terms/" xmlns:xsi="http://www.w3.org/2001/XMLSchema-instance" xmlns:doc="http://www.lyncode.com/xoai" xsi:schemaLocation="http://www.loc.gov/MARC21/slim http://www.loc.gov/standards/marcxml/schema/MARC21slim.xsd">
   <leader>00925njm 22002777a 4500</leader>
   <datafield ind2=" " ind1=" " tag="042">
      <subfield code="a">dc</subfield>
   </datafield>
   <datafield ind2=" " ind1=" " tag="720">
      <subfield code="a">Torres Criado, Pol</subfield>
      <subfield code="e">author</subfield>
   </datafield>
   <datafield ind2=" " ind1=" " tag="260">
      <subfield code="c">2021-07-01T16:27:45Z</subfield>
   </datafield>
   <datafield ind2=" " ind1=" " tag="260">
      <subfield code="c">2021-07-01T16:27:45Z</subfield>
   </datafield>
   <datafield ind2=" " ind1=" " tag="260">
      <subfield code="c">2021-07-01</subfield>
   </datafield>
   <datafield ind2=" " ind1=" " tag="520">
      <subfield code="a">Treball de fi de Máster en Estudis de Cinema y Audiovisual Contemporanis&#xd;
&#xd;
Tutor: Francesc Xavier Pérez Torío</subfield>
   </datafield>
   <datafield ind2=" " ind1=" " tag="520">
      <subfield code="a">Esta investigación recoge un recorrido visual y figurativo a partir de las diferentes&#xd;
representaciones que ha tenido el héroe astronáutico a lo largo de medio siglo de historia&#xd;
cinematográfica. Con la imagen nuclear de 2001. A Space Odyssey como referente capital,&#xd;
se pretende analizar la figura cultural y masculina del astronauta en relación con su&#xd;
iconografía mítica y su horizonte de expectativas. En la primera parte del estudio, y&#xd;
tomando como referencia el régimen de las imágenes establecido por Gilbert Durand,&#xd;
propongo la distinción entre la visión hegemónica del astronauta en su vertiente de acción&#xd;
diurna –basado en la teoría nietzscheana del Superhombre y la voluntad de poder- y el&#xd;
desarrollo de la figura narcisista del astronauta nocturno, vinculado a un imaginario&#xd;
cristiano del duelo, la expiación y la revelación epifanica. Como último punto, planteo la&#xd;
reproducción de un nuevo modelo de héroe solarístico, de halo trágico e inercia&#xd;
introspectiva, resultado de la crisis emocional del hombre y del colapso discursivo de un&#xd;
género, la odisea espacial, disonante con el clima sociocultural de la contemporaneidad.</subfield>
   </datafield>
   <datafield ind2="0" ind1="0" tag="245">
      <subfield code="a">MITO Y MASCULINIDAD EN LA ODISEA ESPACIAL: FIGURACIONES DEL&#xd;
ASTRONAUTA EN EL CINE (1968-2019)</subfield>
   </datafield>
</record></metadata></record></GetRecord></OAI-PMH>